000 00674cam a2200229 a 4500
001 1479779
005 20180129033400.0
008 871014s1988 nyua b 001 0 eng
010 _a 87047784
020 _a0465070299 :
_c$19.95
040 _aDLC
_cDLC
_dDLC
041 _aeng
043 _an-us---
080 _a338.973 GAL
082 0 0 _a338.973 GAL
_219
100 1 _a54
101 _aEKO
245 1 4 _aThe rise of the corporate commonwealth :
_cLouis Galambos and Joseph Pratt.
504 _aBibliography: p. 267-273.
906 _a7
_bcbc
_corignew
_d1
_eocip
_f19
_gy-gencatlg
942 _2ddc
_cBK
999 _c41112
_d41112